000 00577nam a22002057a 4500
003 OSt
005 20140310182950.0
008 130206t xxu||||| |||| 00| 0 eng d
020 _a9789715065948
050 _aDS667.26.A27
_b.Oc15 2011
082 _aF959.9
_b .O15 2011
245 _aTalking history /
_bconversations with Teodoro A. Agoncillo
_cOcampo, Ambeth R.
260 _aManila :
_bUST Publishing House,
_c2011.
300 _a208 p.
_c23 cm.
521 _acollege students
526 _c1210L-1700L
541 _j1
562 _e1
942 _2lcc
_cBK
_kFIL
999 _c17885
_d17885